000 00712nam a2200217Ii 4500
003 JO-AjNU
008 230606s9999||||xx |||||||||||||| ||und||
020 _a978-1-4129-4521-9
040 _aJO-AjNU
_beng
_erda
_cJO-AjNU
041 _aeng
050 1 4 _aLC3986.G7.D85 2007
100 _aDukes,Chris مؤلف/ Smith,Maggieم.مشارك
_eauthor
_930
245 0 0 _aWorking With Parents Of Children With Special Educational Needs
250 _a1 ed
264 3 1 _aLondon:Paul Chapman Publishing,2007
300 _a123P
336 _atext
_btxt
_2rdacontent
337 _aunmediated
_bn
_2rdamedia
338 _avolume
_bnc
_2rdacarrier
650 4 _aChildren With Disabilities-USA-Family Relationships-Counseling
_931
999 _aE19
_c19
_d19